| 000 | 00789cab a2200241 4500 | ||
|---|---|---|---|
| 001 | WB3438-29 | ||
| 008 | 090401t1998 xxu||||| |||| 00| 0 eng d | ||
| 035 | _a(Sirsi) u88840 | ||
| 041 | _aeng | ||
| 245 | _aBerlin - capital makeover | ||
| 260 | _c1998 | ||
| 350 | _a0 | ||
| 490 |
_aEuropean _v5 October 1998, 37(1) |
||
| 520 | _aAssesses the impact of the move of the German capital, from Bonn to Berlin in 1999, on Berlin commercial property market particularly the areas of former East Berlin known as Berlin Mitte. | ||
| 650 | _aBERLIN | ||
| 650 | _aBONN | ||
| 650 | _aPROPERTY-COMMERCIAL PROPERTY | ||
| 650 | _aGERMANY | ||
| 650 | _aPROPERTY-COMMERCIAL PROPERTY-OFFICE PROPERTY-OFFICE PROPERTY MARKET | ||
| 690 | _aOVERSEAS-EUROPE | ||
| 942 | _n0 | ||
| 948 | _c06/10/1998 | ||
| 999 |
_c56179 _d56179 |
||